| 000 | 00849nam a2200217 a 4500 | ||
|---|---|---|---|
| 001 | 000007230 | ||
| 005 | 20200929154114.0 | ||
| 008 | 090907s2000 dr r 001 0 spa d | ||
| 040 |
_aDO-SdBNP _bspa _cBNPHU |
||
| 082 |
_a306.461 _bC475t |
||
| 100 | 1 |
_aCharles Dunlop, Clarence Eduardo, _d1919- _920058 |
|
| 245 | 1 | 0 |
_aTemas médicos de cultura y humanismo : _b(antología médica II) / _cClarence Eduardo Charles Dunlop ; prólogo Pedro A. García Calderón. |
| 260 |
_aSanto Domingo : _bCorripio, _c2000. |
||
| 300 |
_a361 p. ; _c24 cm. |
||
| 500 | _aIncluye datos biográficos del autor en la contracubierta. | ||
| 590 | _aInventariado,2018/DG | ||
| 650 | 4 |
_aMedicina social _919663 |
|
| 650 | 4 |
_aMedicina _xEnsayos, conferencias, etc. _918802 |
|
| 700 | 1 |
_aGarcía Calderón, Pedro A., _epról. _920059 |
|
| 910 | _aValidado. Control de calidad. EMS | ||
| 999 |
_c7011 _d7011 |
||